Southville International School and Colleges
Your cart is empty.
  • Cart
  • Lists
    Public lists Eva Luna New books Lux_list list_1
    Your lists Log in to create your own lists
  • Log in to your account
  • Your cookies
  • Search history
Southville International School and Colleges
  • Advanced search
  • Recent comments
  • Most popular
  • Libraries

Log in to your account

Log in with GOOGLE


If you do not have an external account, but do have a local account, you can still log in:

  1. Home
  2. MARC view: The Merchant of Venice
Normal view MARC view ISBD view

The Merchant of Venice (Record no. 10313)

[ view plain ]
MARC details
000 -LEADER
fixed length control field 00506nam a22001817a 4500
003 - CONTROL NUMBER IDENTIFIER
control field OSt
005 - DATE AND TIME OF LATEST TRANSACTION
control field 20140310182205.0
008 - FIXED-LENGTH DATA ELEMENTS--GENERAL INFORMATION
fixed length control field 130903t xxu||||| |||| 00| 0 eng d
020 ## - INTERNATIONAL STANDARD BOOK NUMBER
International Standard Book Number 9780174434757
050 ## - LIBRARY OF CONGRESS CALL NUMBER
Classification number PR 2825 .
Item number .Sh527 1955
082 ## - DEWEY DECIMAL CLASSIFICATION NUMBER
Classification number HS 822.33P3
Item number Sh1 1955
245 ## - TITLE STATEMENT
Title The Merchant of Venice
Statement of responsibility, etc John Russell Brown.
260 ## - PUBLICATION, DISTRIBUTION, ETC. (IMPRINT)
Place of publication, distribution, etc UK :
Name of publisher, distributor, etc Thomas Nelson & Sons Ltd,
Date of publication, distribution, etc c1997.
300 ## - PHYSICAL DESCRIPTION
Extent 174 p. :
Other physical details ill. ;
Dimensions 20 cm.
650 ## - SUBJECT ADDED ENTRY--TOPICAL TERM
Topical term or geographic name as entry element Shakespeare,
9 (RLIN) 13639
942 ## - ADDED ENTRY ELEMENTS (KOHA)
Source of classification or shelving scheme Library of Congress Classification
Koha item type
Holdings
Withdrawn status Lost status Source of classification or shelving scheme Damaged status Home library Current library Shelving location Date acquired Source of acquisition Total Checkouts Full call number Barcode Date last seen Price effective from Koha item type Public note
Withdrawn   Library of Congress Classification   Luxembourg Library Luxembourg Library High School Section 09/03/2013 Donation   PR 2825 .Sh527 1955 3213 04/13/2016 10/03/2013 Books For inventory: Not found in inventory AY 14-15

The Merchant of Venice

APA

(1997). The Merchant of Venice. UK: Thomas Nelson & Sons Ltd.

Chicago

1997. The Merchant of Venice. UK: Thomas Nelson & Sons Ltd.

Harvard

(1997). The Merchant of Venice. UK: Thomas Nelson & Sons Ltd.

MLA

The Merchant of Venice. UK: Thomas Nelson & Sons Ltd. 1997.

  • Print
  • Cite
  • Add to your cart (remove)
  • Save record
    BIBTEX Dublin Core MARCXML MARC (non-Unicode/MARC-8) MARC (Unicode/UTF-8) MARC (Unicode/UTF-8, Standard) MODS (XML) RIS
  • More searches
    Search for this title in:
    Other Libraries (WorldCat) Other Databases (Google Scholar) Online Stores (Bookfinder.com) Open Library (openlibrary.org)

Exporting to Dublin Core...

SOUTHVILLE LIBRARY

Southville International School and Colleges Library

1281 Tropical Ave. Cor. Luxembourg St., BF Homes International, Las Pinas City

Tel. No. 8256374 / 252358 Loc. 117/146

Powered by Koha